Crónica. Congresos centroamericanistas. Organismos internacionales centroamericanos. Noticias por países. Actividades del Instituto de Estudios Centroamericanos I.E.C.A

Se expone una crónica de los congresos centroamericanos desde agosto de 1973, entre los que encontramos: Seminario de Economía para periodistas, la III reunión de administradores de Universidades, las reformas al reglamento del Convenio Centroamericano de incentivos fiscales, la reunión del Comité I...

Ausführliche Beschreibung

Gespeichert in:
Bibliographische Detailangaben
Format: Text
Sprache:Spanish
Schlagworte:
Tags: Tag hinzufügen
Keine Tags, Fügen Sie den ersten Tag hinzu!

MARC

LEADER 00000 a a2200000 04500
001 836
003 cru CRAI/IIS
005 20210625162057.0
008 210625b |||||||| |||| 00| 0 spa d
040 |c cru CRAI/IIS 
245 |a Crónica. Congresos centroamericanistas. Organismos internacionales centroamericanos. Noticias por países. Actividades del Instituto de Estudios Centroamericanos I.E.C.A  
500 |a Colección Centroamérica 
520 |a Se expone una crónica de los congresos centroamericanos desde agosto de 1973, entre los que encontramos: Seminario de Economía para periodistas, la III reunión de administradores de Universidades, las reformas al reglamento del Convenio Centroamericano de incentivos fiscales, la reunión del Comité Internacional Regional de Sanidad Agropecuaria, entre otros. También se expone los resultados del Primer Encuentro de Historiadores Latinoamericanos, el acontecer de los Organismo Internacionales en Centroamérica como, CSUCA, el Banco Centroamericano de Integración Económica, el Instituto Interamericano de Ciencias Agrícolas y la acción de las Naciones Unidas en Centroamérica. Así mismo se hace un resumen de noticias de los acontecimientos más relevantes de países centroamericanos: Guatemala, Honduras, El Salvador, Nicaragua, Costa Rica y Panamá. Por otro lado se comentan las actividades del Instituto de Estudios Centroamericanos y el Primer Congreso de Antropología y de la Defensa del Patrimonio Cultural de la América Central de 1975. HMBQ/HMBQ  
650 |a SEMINARIOS  
650 |a ORGANISMOS INTERNACIONALES  
650 |a ASPECTOS POLITICOS  
650 |a ASPECTOS SOCIALES  
650 |a ASPECTOS ECONOMICOS  
650 |a RELACIONES INTERNACIONALES  
650 |a HISTORIA  
650 |a PUB.IIS  
773 |g número 2; páginas 427-452  
773 0 |0 18765  |9 5850  |a Universidad de Costa Rica.  |d San José, Costa Rica: Editorial Universidad de Costa Rica, 1974-  |o MFN: 8518  |t Anuario de Estudios Centroamericanos /  |x 03777316 
942 |2 ddc  |c PP 
999 |c 31773  |d 31773